🛫Les départements Français avec le plus de touristes - Statistiques

Statistiques générales
  • Ce quiz a Ă©tĂ© pris 147 fois
  • Le rĂ©sultat moyen est 13 sur 20
Statistiques - réponses
Touristes Département % Correct
15 173 228 Paris
97%
2 838 922 Bouches-du-RhĂ´ne
85%
3 745 876 Alpes-Maritimes
82%
2 110 385 Nord
82%
2 734 664 RhĂ´ne
81%
2 150 587 Gironde
78%
1 525 442 Var
76%
1 915 568 Haute-Savoie
68%
2 021 177 Bas-Rhin
65%
1 749 070 Hérault
64%
1 626 989 Loire-Atlantique
61%
2 517 425 Seine-Saint-Denis
58%
2 550 213 Hauts-de-Seine
56%
1 837 837 Val-de-Marne
56%
4 399 047 Seine-et-Marne
54%
1 647 233 Haute-Garonne
51%
2 516 777 Val-d’Oise
51%
1 808 197 Calvados
49%
1 539 925 Ille-et-Vilaine
49%
1 704 338 Côte-d’Or
27%
Aucun quiz correspondant
Distribution des résultats
% des personnes avec chaque résultat
Percentile par nombre de réponses
Votre historique - résultats
Vous n’avez pas pris ce quiz